| 000 | 00000nas 2200000za 4500 |
| 001 | 9.505777 |
| 003 | CaOODSP |
| 005 | 20221107133527 |
| 007 | cr ||||||||||| |
| 008 | 150406d20042015oncar p o f0 a0eng|d |
| 022 | |y1701-6622 |
| 040 | |aCaOODSP|beng |
| 043 | |an-cn--- |
| 086 | 1 |aTU1-3E-PDF |
| 245 | 00|aStatistical summary, aviation occurrences |h[electronic resource]. |
| 260 | |a[Ottawa] : |bTransportation Safety Board of Canada, |c[2005-2016] |
| 310 | |aAnnual |
| 362 | 1 |aBegan with 2004; ceased with 2015. |
| 500 | |aIssued also in French under title: Sommaire statistique des événements aéronautiques. |
| 690 | 07|aAir safety|2gcpds |
| 690 | 07|aAircraft accidents|2gcpds |
| 710 | 2 |aTransportation Safety Board of Canada. |
| 775 | 08|tSommaire statistique des événements aéronautiques |w(CaOODSP)9.502182 |
| 776 | 0#|tTSB statistical summary of aviation occurrences |w(CaOODSP)9.515745 |
| 780 | 00|tTSB statistical summary, aviation occurrences |w(CaOODSP)9.878441 |
| 785 | 00|tStatistical summary, air occurrences … |w(CaOODSP)9.878435 |